000 00422nam a2200145Ia 4500
001 2190
008 241024s9999 xx 000 0 und d
020 _a978-9945-427-33-2
082 _aRD/972.9304/P438a/2
100 _aFernando Pérez Memén
245 0 _aAnexión y Restauración de la República (Ideas, mentalidades e Instituciones)
260 _bEd. Nacional
_c2008
901 _a9/3/2012 1:45:54 p.m.
999 _c7571
_d7571